000 00520nam a22001817a 4500
005 20160719111926.0
010 _aENG-115456
020 _a9789351439677
_c950.00
035 _aEN-98988
037 _bDBAD/PUB
082 _a346.54066
245 _aCorporate laws /
250 _b5th ed.
260 _aGurgaon
_bLexis Nexis
_c2016
270 _a14th Floor, Buiding N0-10,Tower-B,DLF Cyber City,Phase-II
_bGurgaon
_e122002
300 _accxxiv,1863p.
_c18cm (Hb)
942 _2ddc
_cEN
_h346.54066
_mCOR
999 _c101356
_d101356